Tilastot visalle Kenen Kirja? #14

Klikkaa tästä pelataksesi tätä visaa!

Yleistilastot

  • Tätä visaa on pelattu 33 kertaa
  • Keskiarvotulos 4 / 16

Vastaustilastot

KirjaKirjailija% Oikein
Matka maan keskipisteeseenJules Verne
70%
ViidakkokirjaRudyard Kipling
63%
Havukka-ahon ajattelijaVeikko Huovinen
48%
SimpauttajaHeikki Turunen
44%
UtopiaThomas More
41%
RuttokellotIlkka Remes
33%
Iloinen taloKreetta Onkeli
26%
Oikeuden jalopeuraLeena Lehtolainen
26%
Nainen ryhmäkuvassaHeinrich Böll
19%
Sokea kelloseppäRichard Dawkins
19%
Salainen puutarhaFrances Hodgson Burnet
11%
Suuren Gargantuan hirmuinen elämäFrançois Rabelais
11%
Kaksi aurinkoaKauko Röyhkä
11%
Ukko GoriotHonore de Balzac
7%
Urhea MustaAnna Sewell
4%
Säätynsä uhriEdith Wharton
4%

Tulosjakauma

Persentiili vastausten määrän mukaan

Jokaisen tuloksen saaneiden osuus

Tuloshistoriasi

Et ole pelannut tätä visaa